Journal of the Botanical Research Institute of Texas

Bibliographic Details
Corporate Author: British Ecological Society
Format: Book
Published: Fort Worth: : BRIT Press , 2011
Subjects:

MARC

LEADER 00000cam a2200000 7i4500
001 0000004000
005 20130820.0
022 0 0 |a 19345259 
090 0 0 |a 580   |b BOTA 2011 
245 0 0 |a Journal of the Botanical Research Institute of Texas 
260 0 0 |a Fort Worth: :   |b BRIT Press ,   |c 2011 
300 |a v. :   |b ill. ;   |c 26 cm. 
310 |a two issues ayear 
650 0 0 |a Botany   |x Periodicals 
710 1 1 |a British Ecological Society 
850 |a 2011, vol. 5, number 1 
998 |a JPSM 
999 |a 007802   |b Journal   |c Open Shelf   |e Default branch